|
|
|
|
| LEADER |
01642nam a2200301 a 4500 |
| 001 |
4652148 |
| 008 |
090810s1979 enk b 001 0 eng d |
| 999 |
|
|
|c 3658
|d 3658
|
| 010 |
|
|
|a \\\79312842
|
| 020 |
|
|
|a 0719007062
|c £6.95
|
| 020 |
|
|
|a 071900750X (pbk.)
|
| 040 |
|
|
|a DLC
|c DLC
|d DLC
|
| 082 |
0 |
0 |
|a 401.9
|2 19
|
| 100 |
1 |
|
|a Cruttenden, Alan,
|d 1936-
|9 24009
|
| 245 |
1 |
0 |
|a Language in infancy and childhood :
|b a linguistic introduction to language acquisition /
|c Alan Cruttenden.
|
| 260 |
|
|
|a Manchester :
|b Manchester University Press,
|c c1979 [reprinted 1985]
|
| 300 |
|
|
|a xiv, 193 pages ;
|c 21 cm.
|
| 504 |
|
|
|a Includes bibliographical references (p. 171-188) and index.
|
| 541 |
1 |
|
|e 00014554
|
| 650 |
|
0 |
|a Language acquisition.
|9 24010
|
| 650 |
|
0 |
|a Reading.
|9 24011
|
| 650 |
|
0 |
|a English language.
|9 42873
|
| 852 |
4 |
|
|a Ayesha Abed Library
|j General shelf
|
| 942 |
|
|
|2 ddc
|c BK
|
| 952 |
|
|
|0 0
|1 0
|2 ddc
|4 0
|6 401_900000000000000_CRU_1985
|7 0
|9 3319
|a BRACUL
|b BRACUL
|c GEN
|d 2009-09-03
|g 120.00
|l 15
|m 71
|o 401.9 CRU
|p 3010014554
|r 2018-12-13
|s 2018-09-17
|t 1
|w 2009-09-03
|y BK
|
| 952 |
|
|
|0 0
|1 0
|2 ddc
|4 0
|6 401_900000000000000_CRU_1985
|7 0
|9 11619
|a BRACUL
|b BRACUL
|c GEN
|d 2010-07-07
|l 15
|m 69
|o 401.9 CRU
|p 3010014555
|r 2022-01-13
|s 2020-03-05
|t 2
|w 2010-07-07
|y BK
|
| 952 |
|
|
|0 0
|1 0
|2 ddc
|4 0
|6 401_900000000000000_CRU
|7 0
|9 61936
|a BRACUL
|b BRACUL
|c GEN
|d 2017-11-22
|e STS International
|g 2950.00
|l 4
|m 40
|o 401.9 CRU
|p 3010032358
|r 2023-09-23
|s 2023-08-05
|t 3
|v 2950.00
|w 2017-11-22
|y BK
|
| 952 |
|
|
|0 0
|1 0
|2 ddc
|4 0
|6 401_900000000000000_CRU
|7 0
|9 61937
|a BRACUL
|b BRACUL
|c GEN
|d 2017-11-22
|e STS International
|g 2950.00
|l 2
|m 13
|o 401.9 CRU
|p 3010032359
|r 2018-12-23
|s 2018-11-08
|t 4
|v 2950.00
|w 2017-11-22
|y BK
|